Normal view
MARC view
- Princesses
Entry Topical Term
001 - CONTROL NUMBER
- control field: 12764
003 - CONTROL NUMBER IDENTIFIER
- control field: NUST
005 - DATE AND TIME OF LATEST TRANSACTION
- control field: 20181221052247.0
008 - FIXED-LENGTH DATA ELEMENTS
- fixed length control field: 181221|| aca||aabn | a|a d
040 ## - CATALOGING SOURCE
- Original cataloging agency: NUST
- Transcribing agency: NUST
150 ## - HEADING--TOPICAL TERM
- Topical term or geographic name entry element: Princesses
- Geographic subdivision: Turkey
- General subdivision: Fiction.
670 ## - SOURCE DATA FOUND
- Source citation: Work cat.: (NUST)173132: Mourad, Kenizé. 12762, Memories of an Ottoman princess :, 1989.
